Missing Word: Nirvana Songs Quiz Stats

 Plays Quiz Updated Nov 24, 2012

Support Sporcle.
Go Orange.
Score 0/16 Timer 01:00
0 Plays Today
Hint Word % Correct
Come As You _______Are
98.1%
Smells Like _______ SpiritTeen
95.9%
Heart-Shaped _______Box
83.1%
_______ ApologiesAll
72.3%
You _______ You're RightKnow
68.2%
_______ A GirlAbout
68.1%
_______ BloomIn
66%
Pennyroyal _______Tea
58.4%
Hint Word % Correct
Drain _______You
52.1%
On a _______Plain
52%
_______ the ServantsServe
50.1%
Been a _____Son
41.1%
_______ CreepNegative
37.2%
_______ AwayStay
35.6%
_______ ActLounge
34.6%
Radio ____ Unit ShifterFriendly
29.4%

Today's Daily Dose

Missing Word
'80s Musicals

Word Ladder
Hereditary

Get the Picture
Food Names

From the Vault

Place or Food?

by SammyFrancisco

Want to eat that here or take it Togo?
Remove Ads.
Support Sporcle.
Get the best of Sporcle when you Go Orange. This ad-free experience offers more features, more stats, and more fun while also helping to support Sporcle. Thank you for becoming a member.

Show Comments

Extras

Top Quizzes Today


Score Distribution

Your Account Isn't Verified!

In order to create a playlist on Sporcle, you need to verify the email address you used during registration. Go to your Sporcle Settings to finish the process.

Report this User

Report this user for behavior that violates our Community Guidelines.

Details: